The thought of Pope Benedict XVI (Record no. 113100)
[ view plain ]
| 000 -LEADER | |
|---|---|
| fixed length control field | 01798nam a2200385 a 4500 |
| 082 04 - DEWEY DECIMAL CLASSIFICATION NUMBER | |
| Classification number | 230/.2092 |
| 100 1# - MAIN ENTRY--AUTHOR NAME | |
| Personal name | Nichols, Aidan. |
| 245 14 - TITLE STATEMENT | |
| Title | The thought of Pope Benedict XVI |
| 250 ## - EDITION STATEMENT | |
| Edition statement | New ed. |
| 260 ## - PUBLICATION, DISTRIBUTION, ETC. (IMPRINT) | |
| Place of publication | London ; |
| -- | New York : |
| Name of publisher | Burns & Oates, |
| Year of publication | c2007. |
| 300 ## - PHYSICAL DESCRIPTION | |
| Number of Pages | xv, 284 p. |
| 505 0# - FORMATTED CONTENTS NOTE | |
| Formatted contents note | The Bavarian background -- Augustine and the Church -- Bonaventure and saving history -- Christian brotherhood -- The event of the Council -- Reflections on the Creed -- More ecclesiological essays -- The eschatology theme -- The preacher -- The liturgist -- Back to foundations -- The prefect -- The candidate. |
| 650 #0 - SUBJECT ADDED ENTRY--TOPICAL TERM | |
| Topical Term | Theology, Doctrinal |
| 856 40 - ELECTRONIC LOCATION AND ACCESS | |
| Uniform Resource Identifier | http://site.ebrary.com/lib/rucke/Doc?id=10472189 |
No items available.
